| Tag |
First Indicator |
Second Indicator |
Subfields |
| LEADER |
00000cam a2200000 i 4500 |
| 001 |
in00000366161 |
| 005 |
20151011074400.0 |
| 008 |
771122s1976 enka b 00110 eng |
| 010 |
|
|
|a 77374513
|
| 015 |
|
|
|a GB***
|
| 020 |
|
|
|a 0485137070 :
|c 7.00
|
| 035 |
|
|
|a (OCoLC)03514772
|
| 035 |
|
|
|9 ABP4880AM
|
| 040 |
|
|
|a DLC
|c DLC
|d OCL
|d TXA
|d UtOrBLW
|
| 043 |
|
|
|a e-gr---
|
| 049 |
|
|
|a TXAM
|c [1398462]
|
| 050 |
0 |
0 |
|a PA3879
|b .D38 1976
|
| 082 |
0 |
|
|a 792/.0938/5
|
| 100 |
1 |
|
|a Dearden, C. W.
|
| 245 |
1 |
4 |
|a The stage of Aristophanes /
|c C. W. Dearden.
|
| 264 |
|
1 |
|a London :
|b University of London, Athlone Press ;
|c 1976.
|
| 264 |
|
2 |
|a [Atlantic Highlands] N.J. :
|b [distributed by] Humanities Press,
|
| 300 |
|
|
|a xiii, 203 pages :
|b illustrations ;
|c 23 cm.
|
| 336 |
|
|
|a text
|b txt
|2 rdacontent
|
| 337 |
|
|
|a unmediated
|b n
|2 rdamedia
|
| 338 |
|
|
|a volume
|b nc
|2 rdacarrier
|
| 504 |
|
|
|a Includes bibliographical references and indexes.
|
| 600 |
0 |
0 |
|a Aristophanes
|x Dramatic production.
|
| 650 |
|
0 |
|a Theater
|z Greece.
|
| 999 |
|
|
|a MARS
|
| 999 |
f |
f |
|s 8c525c33-903c-327b-8e8d-e3a681d39e4e
|i 55fdd3c4-0533-3bfb-bd65-b4bf2e151641
|t 0
|
| 952 |
f |
f |
|p ric
|a Texas A&M University
|b Rellis Campus
|c Joint Library Facility
|s JLF
|d Remote Storage
|t 0
|e PA3879 .D38 1976
|h Library of Congress classification
|i unmediated -- volume
|m A14803548143
|
| 998 |
f |
f |
|a PA3879 .D38 1976
|t 0
|l Remote Storage
|